000 01286nam0a2200349 4500
001 RU\NLR\BIBL_A\022612904
005 20260607071631.0
010 _a978-5-00250-156-4
_910000
021 _aRU
_bКН-П-25-040824
_9КН-П-25-3973
035 _a(NLR Aleph) 022612904
090 _a13683365
_c13683365
100 _a20250901d2025 u y0rusy50 ca
101 0 _arus
102 _aRU
105 _ao z 000ay
181 0 _ai
_baxxe
182 0 _an
200 1 _aПодросток
_eроман-исповедь
_fФ. М. Достоевский
203 _aТекст
_bвизуальный
_cнепосредственный
210 _aМосква
_cМИФ
_d2025
215 _a701, [2] с.
_cил.
_d21
333 _a16+
686 2 _aШ6(2=Р)52-4
700 1 _8rus
_7ca
_aДостоевский
_bФ. М.
_f1821-1881
_gФедор Михайлович
_3RU\NLR\AUTH\77838
_9110876
856 4 _lVNP_SKP
_tVIEW
_uhttps://webservices.nlr.ru/viewer/file?name=a022612904_002.txt
_yАннотация
856 4 1 _lVNP_SKP
_tVIEW
_uhttps://webservices.nlr.ru/viewer/file?name=t022612904_001.png
_yОбложка
942 _cBOOK
980 4 _aVNP_SKP
980 _aNB